Central Library OPAC University of Rajshahi

A concise exposition of the law of income tax in Pakistan / (Record no. 2929)

MARC details
000 -LEADER
fixed length control field 00750cam a2200241u 4500
001 - CONTROL NUMBER
control field 2929
003 - CONTROL NUMBER IDENTIFIER
rucl marc code BD-RjUL
005 - DATE AND TIME OF LATEST TRANSACTION
control field 20211208233638.0
008 - FIXED-LENGTH DATA ELEMENTS--GENERAL INFORMATION
fixed length control field 131217s1967 pk 000 0 eng
035 ## - SYSTEM CONTROL NUMBER
System control number (BD-RjUL)2957
040 ## - CATALOGING SOURCE
Original cataloging agency DLC
Transcribing agency CarP
Modifying agency DLC
-- BD-RjUL
Language of cataloging eng
041 ## - LANGUAGE CODE
Language code of text/sound track or separate title eng
082 04 - DEWEY DECIMAL CLASSIFICATION NUMBER
Edition number 19
Classification number 336.24
Author mark and year BAC 1967
100 1# - MAIN ENTRY--PERSONAL NAME
Personal name Baig, Mirza Luqman. [from old catalog]
9 (RLIN) 9373
245 12 - TITLE STATEMENT
Title A concise exposition of the law of income tax in Pakistan /
Statement of responsibility, etc. Mirza Luqman Baig.
250 ## - EDITION STATEMENT
Edition statement 4th ed.
260 ## - PUBLICATION, DISTRIBUTION, ETC. (IMPRINT)
Place of publication, distribution, etc. Karachi :
Name of publisher, distributor, etc. Pakistan Pub. House,
Date of publication, distribution, etc. 1967.
300 ## - PHYSICAL DESCRIPTION
Pagination xxiii, 422 p. ;
Size 25 cm.
650 #0 - SUBJECT ADDED ENTRY--TOPICAL TERM
Topical term or geographic name as entry element Income tax
General subdivision Law and legislation
Geographic subdivision Pakistan.
9 (RLIN) 9346
942 ## - ADDED ENTRY ELEMENTS (KOHA)
Source of classification or shelving scheme Dewey Decimal Classification
Koha item type Books
Holdings
Lost status Source of classification or shelving scheme Damaged status Not for loan Permanent Location Current Location Shelving location Date acquired Source of acquisition Cost, normal purchase price Total Checkouts Full call number Date last seen Copy number Koha item type Collection code
  Dewey Decimal Classification     Central Library, University of Rajshahi Central Library, University of Rajshahi   02/07/1968 Wassi book cor. 13.00   336.24 BAC 1967 17/12/2013 C-5 Books  
  Dewey Decimal Classification     Central Library, University of Rajshahi Central Library, University of Rajshahi   02/07/1968 Wassi book cor. 13.00   336.24 BAC 1967 17/12/2013 C-6 Books  
  Dewey Decimal Classification     Central Library, University of Rajshahi Central Library, University of Rajshahi   02/07/1968 Wassi book cor. 13.00   336.24 BAC 1967 26/06/2016 C-2 Books Non-fiction
  Dewey Decimal Classification     Central Library, University of Rajshahi Central Library, University of Rajshahi   02/07/1968 Wassi book cor. 13.00   336.24 BAC 1967 26/06/2016 C-3 Books Non-fiction
  Dewey Decimal Classification     Central Library, University of Rajshahi Central Library, University of Rajshahi   20/02/1968 Warsi book Corp. 13.00   336.24 BAC 1967 28/11/2016 C-4 Books Non-fiction